From the Maccabees to the Mishnah. (Record no. 31)

000 -LEADER
fixed length control field 00792nam a2200217 a 4500
001 - CONTROL NUMBER
control field :::00013181$&:&@@
003 - CONTROL NUMBER IDENTIFIER
control field OkBaRHE
005 - DATE AND TIME OF LATEST TRANSACTION
control field 20100304162259.0
008 - FIXED-LENGTH DATA ELEMENTS--GENERAL INFORMATION
fixed length control field s1987 j 000 0 eng u
040 ## - CATALOGING SOURCE
Transcribing agency
100 1# - MAIN ENTRY--PERSONAL NAME
Personal name Cohen, Shaye J. D.
245 10 - TITLE STATEMENT
Title From the Maccabees to the Mishnah.
260 ## - PUBLICATION, DISTRIBUTION, ETC. (IMPRINT)
Place of publication, distribution, etc Philadelphia, PA., :
Name of publisher, distributor, etc Westminster Press
Date of publication, distribution, etc c1987
300 ## - PHYSICAL DESCRIPTION
Extent 251 p. ;
Dimensions 24 cm.
490 0# - SERIES STATEMENT
Series statement Library of early Christianity, v. 7.
650 ## - SUBJECT ADDED ENTRY--TOPICAL TERM
Topical term or geographic name as entry element Jews
General subdivision History
-- 168 B.C.-135 A.D.
650 ## - SUBJECT ADDED ENTRY--TOPICAL TERM
Topical term or geographic name as entry element Judaism
General subdivision History
-- Post-exilic Period, 586 B.C-210 A.D.
942 ## - ADDED ENTRY ELEMENTS (KOHA)
Source of classification or shelving scheme
Koha item type Books
Copies
Price effective from Lost status Date last seen Copy number Date acquired Withdrawn status Collection code Source of classification or shelving scheme Koha item type Permanent Location Not for loan Damaged status Barcode Full call number Shelving location
2010-04-14 2010-04-1412010-04-14 Reference BooksRHEMA Bible Training College  13181BM 176 .C615General Stacks
2010-04-14 2010-04-1422010-04-14 Reference BooksRHEMA Bible Training College  17074BM 176 .C615General Stacks